000 nam a22 7a 4500
999 _c233267
_d233267
003 Nust
005 20170306115225.0
008 170306b xxu||||| |||| 00| 0 eng d
040 _cDLC
082 _a910.09538 RAU
245 _aThe Sacred Travelogue/
_cDr. Abdur Rauf
260 _aLahore :
_bFerozsons,
300 _a159p. :
_c21 cm
942 _2ddc
_cBK